| Record ID | ia:secretsofcodeuna0000unse_r6l1 |
| Source | Internet Archive |
| Download MARC XML | https://archive.org/download/secretsofcodeuna0000unse_r6l1/secretsofcodeuna0000unse_r6l1_marc.xml |
| Download MARC binary | https://www.archive.org/download/secretsofcodeuna0000unse_r6l1/secretsofcodeuna0000unse_r6l1_meta.mrc |
LEADER: 02499cam 2200721 a 4500
001 ocm68763324
003 OCoLC
005 20200911213152.0
008 050414r20052004enkb 000 0 eng
040 $aUKM$beng$cUKM$dOCLCG$dYDXCP$dOCLCQ$dUKMGB$dOCLCO$dOCLCF$dOCLCQ$dCULIB$dOCLCA$dOL$$dOCLCQ$dOCLCO
015 $aGBA533364$2bnb
015 $aGBA482145$2bnb
016 7 $a013179975$2Uk
016 7 $a013039547$2Uk
019 $a57005630
020 $a0752864505$q(pbk.)
020 $a9780752864501$q(pbk.)
020 $a0752864467$q(pbk.)
020 $a9780752864464$q(pbk.)
020 $z9780752864508$q(pbk.)
035 $a(OCoLC)68763324$z(OCoLC)57005630
042 $aukblsr
050 14 $aPS3552.R685434$bS446
082 04 $a813.54$222
245 00 $aSecrets of the code :$bthe unauthorized guide to the mysteries behind The Da Vinci code /$cedited by Dan Burstein.
260 $aLondon :$bOrion,$c2005.
300 $axxxiii, 557 pages :$bmaps ;$c18 cm
336 $atext$btxt$2rdacontent
337 $aunmediated$bn$2rdamedia
338 $avolume$bnc$2rdacarrier
500 $aOriginally published: London : Weidenfeld & Nicolson, 2004.
600 10 $aBrown, Dan,$d1964-$tDa Vinci code.
600 00 $aJesus Christ$xIn literature.
600 00 $aMary Magdalene,$cSaint$xIn literature.
650 0 $aChristian saints in literature.
650 0 $aChristianity in literature.
600 07 $aJesus Christ.$2fast$0(OCoLC)fst00040116
600 07 $aMary Magdalene,$cSaint.$2fast$0(OCoLC)fst00032964
630 07 $aDa Vinci code (Brown, Dan)$2fast$0(OCoLC)fst01399750
650 7 $aChristian saints in literature.$2fast$0(OCoLC)fst00859514
650 7 $aChristianity in literature.$2fast$0(OCoLC)fst00859755
650 7 $aLiterature.$2fast$0(OCoLC)fst00999953
700 1 $aBurstein, Daniel.
938 $aYBP Library Services$bYANK$n3695251
029 1 $aAU@$b000027115142
029 1 $aAU@$b000040363687
029 1 $aAU@$b000061957081
029 1 $aNOK$b0752864505
029 1 $aNZ1$b8961779
029 1 $aNZ1$b9291053
029 1 $aUKBCI$b052159744
029 1 $aUKBNS$b052159744
029 1 $aUKBOR$b052159744
029 1 $aUKDON$b0752864505
029 1 $aUKMDD$b0752864505
029 1 $aUKMGB$b013179975
029 1 $aUKSCO$b052159744
029 1 $aUKSGC$b052159744
029 1 $aUKSOM$b052159744
029 1 $aUNITY$b024197556
029 1 $aUNITY$b052159744
994 $aZ0$bP4A
948 $hNO HOLDINGS IN P4A - 50 OTHER HOLDINGS